000 00590nam a2200205Ia 4500
003 IN-BaIIA
008 211028s9999 xx 000 0 eng d
020 _a0-07-022968-6
040 _cIIA Library
080 _a519.852
_bGAS
100 _aGass, Saul I
_911396
245 0 _aLinear programming
_bmethods and applications
_cSaul I Gass
250 _a4th ed.
260 _aTokyo
_bMcGraw-Hill
_c1975
300 _ax, 406p.
650 _aComputer programming
650 _aLinear programming
_94615
650 _aNASA thesaurus
942 _cBK
999 _c6656
_d6656